Nuevos enfoques para el estudio de las relaciones internacionales de Colombia

Bibliographic Details
Main Author: Rueda Fonseca, Mara̕ del Socorro
Format: eBook
Language:Spanish
Published: Bogot:̀ Universidad de Los Andes (Colombia), 2017
Subjects:
Online Access:Acceso restringido

MARC

LEADER 00000nam a22000007a 4500
005 20190521205858.0
007 cr|||| ||||
008 190521s2017 co |||||s|||| 00||0 spa d
020 |a 978-958-774-546-7 
035 |a 23311 
040 |a vLex 
090 |c 8785  |d 8785 
100 1 |a Rueda Fonseca, Mara̕ del Socorro 
245 1 0 |a Nuevos enfoques para el estudio de las relaciones internacionales de Colombia  |h [Recurso electrn̤ico] /  |c Mara̕ del Socorro Rueda Fonseca 
256 |a Servicio en ln̕ea 
260 |a Bogot:̀  |b Universidad de Los Andes (Colombia),  |c 2017 
300 |a 1 recurso electrn̤ico 
506 1 |a Disponible solo en los productos indicados  |d vLex Global  |d vLex Global (Academic Edition, excluding Law Schools)  |d vLex Global (U.S. Academic Edition, Law Schools)  |d vLex Global (U.S. Academic Edition, excluding Law Schools)  |d vLex Global (Academic Edition, Law Schools) 
650 0 4 |a Derecho Procesal  |z Colombia 
740 0 |a vLex Libros (Servicio en ln̕ea) 
856 4 0 |u http://vlex.com/source/nuevos-enfoques-estudio-relaciones-internacionales-colombia-23311  |z Acceso restringido 
942 |c BOOK 
999 0 |a Procedural law